| 000 | 00966nam a2200241 a 4500 | ||
|---|---|---|---|
| 001 | 37799 | ||
| 003 | BD-RjUL | ||
| 005 | 20211209052646.0 | ||
| 008 | 160716s1978 bg ||||| |||| 00| 0 ben d | ||
| 035 | _a(BD-RjUL)37904 | ||
| 040 |
_aBD-RjUL _bben _cBD-RjUL |
||
| 041 | _aben | ||
| 082 |
_223 _a301.0727 _bNAS 1978 |
||
| 100 |
_aনকী, সৈয়দ আলী _9117076 |
||
| 245 | 1 | 0 |
_a সমাজবিজ্ঞানে পরিসংখ্যান পদ্ধতি / _cসৈয়দ আলী নকী |
| 250 | _a২য় সং. | ||
| 260 |
_aঢাকা : _bবাংলা একাডেমী, _c১৯৭৮. |
||
| 300 |
_a১৪, ৪৪২ পৃ. : _bচিত্র ; _c২২ সেমি. |
||
| 500 | _aনির্ঘন্ট সংযুক্ত | ||
| 650 |
_aসমাজবিজ্ঞান _vপরিসংখ্যান পদ্ধতি _9117077 |
||
| 650 |
_aSociology _vStatistical methods _9117078 |
||
| 942 |
_2ddc _cBK _02 |
||
| 999 |
_c37799 _d37799 |
||